Партнёрская программа; Приборы и системы. Управление, контроль, диагностика; № 1

Dades bibliogràfiques
Parent link:Приборы и системы. Управление, контроль, диагностика: научно-технический и производственный журнал.— , 2000-
№ 1.— 2002.— С. 20-22
Autor principal: Ничипорович М. С.
Idioma:rus
Publicat: 2002
Col·lecció:10 лет на рынке промышленной электроники
Matèries:
Format: MixedMaterials Capítol de llibre
KOHA link:https://koha.lib.tpu.ru/cgi-bin/koha/opac-detail.pl?biblionumber=380915

MARC

LEADER 00000naa2a2200000 4500
001 380915
005 20231101062743.0
035 |a (RuTPU)RU\TPU\prd\2880 
090 |a 380915 
100 |a 20020409a2002 k y0rusy50 ca 
101 0 |a rus 
102 |a RU 
200 1 |a Партнёрская программа  |f М. С. Ничипорович 
225 1 |a 10 лет на рынке промышленной электроники 
461 1 |0 (RuTPU)RU\TPU\prd\1687  |t Приборы и системы. Управление, контроль, диагностика  |o научно-технический и производственный журнал  |d 2000- 
463 1 |0 (RuTPU)RU\TPU\prd\2116  |t № 1  |v С. 20-22  |d 2002 
610 1 |a программы 
610 1 |a фирмы 
610 1 |a рынок 
610 1 |a партнёрство 
610 1 |a системные интеграторы 
610 1 |a автоматизированноя система интеграции 
700 1 |a Ничипорович  |b М. С. 
801 1 |a RU  |b 63413507  |c 20020409  |g PSBO 
801 2 |a RU  |b 63413507  |c 20121008  |g PSBO 
942 |c BK